000 01608cam a2200445 a 4500
999 _c2434
_d2434
001 1621246
003 OSt
005 20230517090730.0
008 190805s2018 nyuab c 000 1 eng d
010 _a2007282539
020 _a9780439023122
_q(pbk.) :
040 _aKML
_beng
_cKML
_eaacr2
_dKH8
041 1 _aeng
_hita
042 _anbic
082 0 _aFIC STI
100 1 _aStilton, Geronimo.
_eAuthor
240 0 3 _aIl misterioso ladro di formaggi.
_lEnglish.
245 1 4 _aThe mysterious cheese thief /
_cGeronimo Stilton ; [illustrations by Silvia Bigolin, Mirella Monesi, Maria DeFilippio, and Valentina Grassini]
260 _aNew York :
_bScholastic,
_c2018.
300 _a111 p. :
_bcol. ill., col. maps ;
_c20 cm.
490 1 _aGeronimo Stilton ;
_v31.
500 _aLexile 540.
500 _aTranslation of: Il misterioso ladro di formaggi.
500 _aTranslated from the Italian.
520 _aWhen Stilton cheese begins disappearing during Geronimo Stilton's trip to England he investigates to find the cheese thief.
521 8 _a007-010.
546 _aTranslated from the Italian.
650 0 _aStilton, Geronimo (Fictitious character)
_vJuvenile fiction.
650 0 _aMice
_vJuvenile fiction.
650 0 _aCheese
_vJuvenile fiction.
650 0 _aStilton, Geronimo (Fictitious character)
_vFiction.
650 0 _aMice
_vFiction.
650 0 _aCheese
_vFiction.
700 1 _aBigolin, Silvia.
_eIllustrator
700 1 _aMonesi, Mirella.
700 1 _aDeFilippio, Maria.
700 1 _aGrassini, Valentina.
830 0 _aGeronimo Stilton ;
_v31.
942 _2ddc
_cFIC